| 000 | 00839nam a22002537a 4500 | ||
|---|---|---|---|
| 003 | DO-SdBNP | ||
| 005 | 20180219133620.0 | ||
| 008 | 161129b 2001 cl a 00| 0 spa d | ||
| 020 | _a9789583008399 | ||
| 040 |
_aBPMSU _bspa _cBPMSU |
||
| 082 | 4 |
_axxxx _bxxxx |
|
| 100 | 1 | _aGrimm, Jacob | |
| 245 | 1 | 0 |
_aBlancanieves / _cJacob Grimm, Wilhelm Grimm ; ilustraciones Javier Fernando Porras ; edición Mireya Fonseca Leal |
| 260 |
_aBarcelona : _bPanamericana, _c2001. _g(3a reimpresión del 2008). |
||
| 300 |
_a8 p. : _bil., _c27 cm. |
||
| 490 | 1 | _aBiblioteca del cuento | |
| 700 | 1 | 2 | _aGrimm, Wilhelm |
| 700 | 1 | 2 |
_aPorras Rodríguez, Javier Fernando _eil. |
| 700 | 1 | 2 |
_aFonseca Leal, Mireya, _eed. |
| 830 | 0 | _aBiblioteca del cuento | |
| 942 |
_2ddc _cBK |
||
| 945 | _aInventariado, 2018 / BT | ||
| 956 |
_aBTAVÁREZ _b10 _d20162911 _fBPMSU _h0038 |
||
| 999 |
_c12152 _d12152 |
||